000 00496nam a2200169 i 4500
001 91480
003 ES-MaACL
005 20230906180730.0
007 t|
008 050131s1970 sp ||||1| spa d
110 0 0 _aEspaña.
_tLeyes, etc.
_9184149
245 1 0 _aNueva Ley de Caza
_b: Ley 1/1970 de la Jefatura del Estado aprobada por las Cortes Españolas.
260 _aMadrid :
_bSegura,
_c[1970]
300 _a64 p. ;
_c16 cm.
852 _aES-MaACL
_jC-48717
_bR.74365
999 _c91480
_d91480